| 000 | 00827nam a2200217Ii 4500 | ||
|---|---|---|---|
| 003 | JO-AjNU | ||
| 008 | 230605s9999||||xx |||||||||||||| ||und|| | ||
| 017 | _a2009/10/4485 | ||
| 040 |
_aJO-AjNU _bara _erda _cJO-AjNU |
||
| 041 | _aara | ||
| 050 | 1 | 4 | _aDT75.7.I27 2009 |
| 100 | 3 |
_aالكلبي، مجد الدين اسامة بن مرشد بن علي ابن منقذ الشيزري الكناني؛ تحقيق السامرائي، قاسم, _eauthor _923006 |
|
| 245 | 0 | 0 | _aكتاب الاعتبار |
| 264 | 3 | 1 | _aعمان: وزارة الثقافة، 2009 |
| 300 | _a263ص | ||
| 336 |
_atext _btxt _2rdacontent |
||
| 337 |
_aunmediated _bn _2rdamedia |
||
| 338 |
_avolume _bnc _2rdacarrier |
||
| 490 | 0 | _aالقراءة للجميع | |
| 650 | 4 |
_aالبلاد الاسلامية-تاريخ-العصر الايوبي _923007 |
|
| 999 |
_aA8255 _c11823 _d11823 |
||